Normal view
MARC view
- Lapid, Milagros G.
Entry Personal Name
001 - CONTROL NUMBER
- control field: 5649
003 - CONTROL NUMBER IDENTIFIER
- control field: URS
005 - DATE AND TIME OF LATEST TRANSACTION
- control field: 20230727085111.0
008 - FIXED-LENGTH DATA ELEMENTS
- fixed length control field: 230727|| aca||aabn | a|a d
040 ## - CATALOGING SOURCE
- Original cataloging agency: URS
100 ## - HEADING--PERSONAL NAME
- Personal name: Lapid, Milagros G.
- Relator term: author


































